00576 2200217 4500001002100000005001700021008004100038035002400079090001800103100001500121245007100136250001100207260002600218300001900244500002500263650001900288850001500307980001500322985000600337999001500343YOGYA-0209000002188520090227023603.0 ind  0010-020900000021885 a307.76bDal S aDALJUNI, N aSeluk beluk masyarakat kotabpusparagam sosiologi kotacN. Daljuni aCet. 1 aBandungbAlumnic1978 a148 hlmc21 cm aTermasuk bibliografi aSosiologi kota aYOPDYOG(B) a12-26-2006 a1 a06A0015671